<?xml version='1.0' encoding='UTF-8'?>
  <record xmlns="http://www.loc.gov/MARC21/slim">
    <leader>00000cam a22000007i 4500</leader>
    <controlfield tag="001">ocm67847616</controlfield>
    <controlfield tag="003">OCoLC</controlfield>
    <controlfield tag="005">20251230072036.6</controlfield>
    <controlfield tag="008">990412s1523    fr a          000 0 ger d</controlfield>
    <datafield tag="040" ind1=" " ind2=" ">
      <subfield code="a">NLGGC</subfield>
      <subfield code="b">eng</subfield>
      <subfield code="e">rda</subfield>
      <subfield code="e">dcrmr</subfield>
      <subfield code="c">NLGGC</subfield>
      <subfield code="d">QGJ</subfield>
      <subfield code="d">OCLCO</subfield>
      <subfield code="d">OCLCL</subfield>
      <subfield code="d">OCLCF</subfield>
      <subfield code="d">OCLCO</subfield>
      <subfield code="d">QGJ</subfield>
      <subfield code="d">OCLCO</subfield>
      <subfield code="d">QGJ</subfield>
    </datafield>
    <datafield tag="029" ind1="0" ind2=" ">
      <subfield code="a">NLGGC</subfield>
      <subfield code="b">181787237</subfield>
    </datafield>
    <datafield tag="035" ind1=" " ind2=" ">
      <subfield code="a">(OCoLC)67847616</subfield>
    </datafield>
    <datafield tag="100" ind1="1" ind2=" ">
      <subfield code="a">Zell, Matthäus,</subfield>
      <subfield code="d">1477-1548,</subfield>
      <subfield code="e">author.</subfield>
      <subfield code="4">aut</subfield>
      <subfield code="1">https://id.oclc.org/worldcat/entity/E39PBJdmfTBy9bT93qKFFJ94bd</subfield>
    </datafield>
    <datafield tag="245" ind1="1" ind2="0">
      <subfield code="a">Christeliche Verā[n]twortū[n]g M. Matthes Zell von Keyserßberg Pfarrherrs vnd predigers im Münster zů Straßburg, vber Artickel jm vom Bischöfflichem Fiscal daselbs entgegen gesetzt, vnnd im rechten vbergeben. :</subfield>
      <subfield code="b">Hyerinn findest evā[n]gelischer leer gründtliche verklerung vnd reyliche Bericht, durch göttlich geschrifft, gar nahe aller sachen so yetz in reden vnd disputation seind.</subfield>
    </datafield>
    <datafield tag="246" ind1="3" ind2=" ">
      <subfield code="a">Christeliche Verantwortung ... uber Artickel im vom Bischöfflichem Fiscal daselbs entgegen gesetzt</subfield>
    </datafield>
    <datafield tag="264" ind1=" " ind2="1">
      <subfield code="a">Getruckt in der löblichen Satt Strassburg, :</subfield>
      <subfield code="b">durch Wolffgangum Köpffel, am Rosszmarck,</subfield>
      <subfield code="c">als man zalt nach der geburt Christi M.D. xxiij. [1523]</subfield>
    </datafield>
    <datafield tag="300" ind1=" " ind2=" ">
      <subfield code="a">196 unnumbered leaves ;</subfield>
      <subfield code="c">21 cm (4to)</subfield>
    </datafield>
    <datafield tag="336" ind1=" " ind2=" ">
      <subfield code="a">text</subfield>
      <subfield code="b">txt</subfield>
      <subfield code="2">rdacontent</subfield>
    </datafield>
    <datafield tag="337" ind1=" " ind2=" ">
      <subfield code="a">unmediated</subfield>
      <subfield code="b">n</subfield>
      <subfield code="2">rdamedia</subfield>
    </datafield>
    <datafield tag="338" ind1=" " ind2=" ">
      <subfield code="a">volume</subfield>
      <subfield code="b">nc</subfield>
      <subfield code="2">rdacarrier</subfield>
    </datafield>
    <datafield tag="340" ind1=" " ind2=" ">
      <subfield code="m">4to</subfield>
      <subfield code="2">rdabf</subfield>
    </datafield>
    <datafield tag="500" ind1=" " ind2=" ">
      <subfield code="a">Response by Matthäus Zell, first Protestant pastor in Strasbourg, to the attacks of the local Diocesan office. Zell celebrated mass in the vernacular (German), offered the Lord's Supper in both kinds, and was the first to be accused by his Bishop of heresy. Shortly after his marriage to Katharina Schütz, he was excommunicated on April 3, 1524.</subfield>
    </datafield>
    <datafield tag="500" ind1=" " ind2=" ">
      <subfield code="a">Includes episcopal articles accusing Zell of heresy, by M. Geruasiu[s] Sopheru[s], "fürseher Viscal."</subfield>
    </datafield>
    <datafield tag="500" ind1=" " ind2=" ">
      <subfield code="a">Place of printing and name of printer from colophon.</subfield>
    </datafield>
    <datafield tag="500" ind1=" " ind2=" ">
      <subfield code="a">Colophon: Getruckt in der löblichen Satt Strassburg, durch Wolffgangum Köpffel, am Rosszmarck, als man zalt nach der geburt Christi M.D. xxiij.</subfield>
    </datafield>
    <datafield tag="500" ind1=" " ind2=" ">
      <subfield code="a">Printer's device on last page at end.</subfield>
    </datafield>
    <datafield tag="500" ind1=" " ind2=" ">
      <subfield code="a">Title within historiated wood-engraved border, signed O.M.</subfield>
    </datafield>
    <datafield tag="500" ind1=" " ind2=" ">
      <subfield code="a">Signatures: a-z⁴ A-Z⁴ 2a-2c⁴.</subfield>
    </datafield>
    <datafield tag="500" ind1=" " ind2=" ">
      <subfield code="a">Initials (some decorated).</subfield>
    </datafield>
    <datafield tag="510" ind1="4" ind2=" ">
      <subfield code="a">Verzeichnis der im deutschen Sprachbereich erschienenen Drucke des 16. Jahrhunderts (VD 16),</subfield>
      <subfield code="c">Z 351</subfield>
      <subfield code="u">https://gateway-bayern.de/VD16+Z+351</subfield>
    </datafield>
    <datafield tag="510" ind1="4" ind2=" ">
      <subfield code="3">Sauffer, Gervasius: Kopie der Artikel der Ersuchung ... wider den ehrbaren Mann M. Matthaeus Zell:</subfield>
      <subfield code="a">Verzeichnis der im deutschen Sprachbereich erschienenen Drucke des 16. Jahrhunderts (VD 16),</subfield>
      <subfield code="c">S 1899</subfield>
      <subfield code="u">https://gateway-bayern.de/VD16+S+1899</subfield>
    </datafield>
    <datafield tag="510" ind1="4" ind2=" ">
      <subfield code="a">Short-title catalogue of books printed in the German-speaking countries and German books printed in other countries from 1455 to 1600 now in the British Museum,</subfield>
      <subfield code="c">p. 934</subfield>
    </datafield>
    <datafield tag="510" ind1="4" ind2=" ">
      <subfield code="a">Benzing, J. Bibliographie strasbourgeoise,</subfield>
      <subfield code="c">II, p. 272</subfield>
    </datafield>
    <datafield tag="510" ind1="4" ind2=" ">
      <subfield code="a">Ritter, F. Catalogue des incunables ne figurant pas à la Bibliothèque nationale et universitaire de Strasbourg,</subfield>
      <subfield code="c">514</subfield>
    </datafield>
    <datafield tag="600" ind1="1" ind2="0">
      <subfield code="a">Zell, Matthäus,</subfield>
      <subfield code="d">1477-1548.</subfield>
    </datafield>
    <datafield tag="650" ind1=" " ind2="0">
      <subfield code="a">Reformation</subfield>
      <subfield code="z">France</subfield>
      <subfield code="z">Strasbourg</subfield>
      <subfield code="v">Early works to 1800.</subfield>
    </datafield>
    <datafield tag="651" ind1=" " ind2="0">
      <subfield code="a">Strasbourg (France)</subfield>
      <subfield code="x">Church history.</subfield>
    </datafield>
    <datafield tag="650" ind1=" " ind2="6">
      <subfield code="a">Réforme (Christianisme)</subfield>
      <subfield code="z">France</subfield>
      <subfield code="z">Strasbourg</subfield>
      <subfield code="v">Ouvrages avant 1800.</subfield>
    </datafield>
    <datafield tag="600" ind1="1" ind2="7">
      <subfield code="a">Zell, Matthäus,</subfield>
      <subfield code="d">1477-1548</subfield>
      <subfield code="2">fast</subfield>
      <subfield code="1">https://id.oclc.org/worldcat/entity/E39PBJdmfTBy9bT93qKFFJ94bd</subfield>
    </datafield>
    <datafield tag="650" ind1=" " ind2="7">
      <subfield code="a">Reformation</subfield>
      <subfield code="2">fast</subfield>
    </datafield>
    <datafield tag="651" ind1=" " ind2="7">
      <subfield code="a">France</subfield>
      <subfield code="z">Strasbourg</subfield>
      <subfield code="2">fast</subfield>
      <subfield code="1">https://id.oclc.org/worldcat/entity/E39PBJgcX4dPjrXkPBRvC3Tyh3</subfield>
    </datafield>
    <datafield tag="655" ind1=" " ind2="7">
      <subfield code="a">Church history</subfield>
      <subfield code="2">fast</subfield>
    </datafield>
    <datafield tag="655" ind1=" " ind2="7">
      <subfield code="a">Early works</subfield>
      <subfield code="2">fast</subfield>
    </datafield>
    <datafield tag="700" ind1="1" ind2="2">
      <subfield code="i">Containter of (expression):</subfield>
      <subfield code="a">Sauffer, Gervas,</subfield>
      <subfield code="d">1490-1556.</subfield>
      <subfield code="t">Kopie der Artikel der Ersuchung ... wider den ehrbaren Mann M. Matthaeus Zell.</subfield>
      <subfield code="l">German.</subfield>
    </datafield>
    <datafield tag="700" ind1="1" ind2=" ">
      <subfield code="a">Köpffel, Wolfgang,</subfield>
      <subfield code="d">approximately 1500-approximately 1554,</subfield>
      <subfield code="e">printer.</subfield>
      <subfield code="4">prt</subfield>
    </datafield>
    <datafield tag="752" ind1=" " ind2=" ">
      <subfield code="a">France</subfield>
      <subfield code="d">Strasbourg,</subfield>
      <subfield code="e">publication place.</subfield>
      <subfield code="4">pup</subfield>
    </datafield>
    <datafield tag="758" ind1=" " ind2=" ">
      <subfield code="i">has work:</subfield>
      <subfield code="a">Christeliche Verantwortung M. Matthes Zell von Keyserssberg Pfarrherrs und Predigers im Münster zu Strassburg, uber Artickel im vom Bischöfflichem Fiscal daselbs entgegen gesetzt, unnd im rechten ubergeben (Text)</subfield>
      <subfield code="1">https://id.oclc.org/worldcat/entity/E39PD3BFKxhpmwyJXhPqyyW8CP</subfield>
      <subfield code="4">https://id.oclc.org/worldcat/ontology/hasWork</subfield>
    </datafield>
  </record>